000 00995cab a2200229 4500
001 ##L135048
008 060921n2006 000 0 eng u
035 _a(Sirsi) u135048
041 0 _aeng
100 1 _aBarrett, Claer
245 0 0 _aCity and City fringe
260 _c2006
490 0 _aProperty Week
_v71(37) 15 September 2006, 75-91(9)
520 _aReports on the proposed Foster and Partners-designed mixed use development at Hammerson's Northgate site in Hackney; discusses the increasing activity of American investors in the area; examines how demand for space from big occupiers is pushing up rents and looks at the way in which the increasing profile of Spitalfields is making it an increasingly desirable location for retailers. Tables.
590 _aIKA031006
651 4 _aCITY OF LONDON
651 4 _aCITY OF LONDON FRINGES
690 _aPROPERTY-COMMERCIAL PROPERTY-COMMERCIAL PROPERTY MARKET
700 1 _aThomas, Daniel
700 1 _aBenzine, Adam
942 _n0
999 _c77772
_d77772